000 00569nam a2200217Ia 4500
003 GCL
008 140319s9999 xx 000 0 eng d
040 _aGCL /
_cGCL
082 0 4 _a370.71
_bP L
100 1 _aPROCTOR, ANNE
245 1 0 _aLEARNING TO TEACH IN THE PRIMARY CLASSROOM /
_cPROCTOR, ANNE
700 1 _aENTWISTLE, MARGARET
700 1 _aJUDGE, BRENDA
260 _a[S.N] :
_bROUTLEDGE ،
_c1995
300 _a172 P
650 0 4 _aPRIMARY SCHOOLS
650 0 4 _aLEARNING
650 0 4 _aTEACHER TRAINING
650 0 4 _aPRIMARY CLASSROOM
942 _2ddc
_cBK
999 _c24975
_d24975